Countries of Europe - 30 Second Sprint - Statistics

General Stats
  • This quiz has been taken 8,421 times
    6,866 since last reset
  • The average score is 20 of 45
Answers on the Map
Answers color-coded by a green-red scale on the quiz's map according to % correct below.
 
Answer Stats
Country % Correct
United Kingdom
92%
France
85%
Sweden
84%
Spain
83%
Ireland
82%
Norway
82%
Iceland
80%
Germany
79%
Finland
78%
Russia
78%
Italy
70%
Portugal
69%
Ukraine
64%
Poland
60%
Estonia
56%
Denmark
55%
Latvia
55%
Belarus
50%
Belgium
48%
Lithuania
46%
Greece
44%
Netherlands
41%
Andorra
39%
Romania
37%
Monaco
34%
Austria
32%
Malta
30%
Vatican City
29%
Bulgaria
27%
Czech Republic
27%
Moldova
27%
Serbia
26%
San Marino
25%
Hungary
22%
Luxembourg
22%
Slovakia
22%
Switzerland
22%
Albania
20%
Bosnia and Herzegovina
19%
Croatia
19%
Kosovo
19%
Liechtenstein
16%
Slovenia
16%
North Macedonia
13%
Montenegro
10%
No matching quizzes found
Score Distribution
Percent of People with Each Score
Percentile by Number Answered
Your Score History
You have not taken this quiz since the last reset